000 00505nam a2200181Ia 4500
005 20250326125828.0
008 250326s9999 xx 000 0 und d
037 _aTextbook
040 _aFMSL
_beng
_cFMSL
041 _aeng
_2eng
084 _aX:51 N5
_qFMSL
100 _aStill R R
_9736904
245 0 _aEssentials of marketing
_cStill R R; Cundiff E W
260 _aEnglewood
_bEnglewood, Cliffs P H India
_c1966
300 _a186p
942 _cTB
_hX:51 N5
999 _c1279765
_d1279765